000 nam a22 7a 4500
999 _c48950
_d48950
003 OSt
005 20190909120042.0
008 190909b xxu||||| |||| 00| 0 eng d
040 _cIIMT UNIVERSITY
100 _aGOYAL ARORA
245 _aCOMPUTER APPLICATIONS IN PHARMACY
260 _aGHAZIABAD
_bPEE VEE PUB
_c2019
300 _a181
942 _2ddc
_c01